| 000 | 00450nam a2200193Ia 4500 | ||
|---|---|---|---|
| 005 | 20240823031600.0 | ||
| 008 | 240823s9999||||xx |||||||||||||| ||und|| | ||
| 020 | _a978-81-7371-660-7 | ||
| 041 | _aENGLISH | ||
| 082 | _A546 P9 | ||
| 100 | _aGopalan R | ||
| 245 | 0 | _aInorganic Chemistry | |
| 250 | _a1st | ||
| 260 |
_c2009 _b"Universities Press, " |
||
| 500 | _aTRANSFERED | ||
| 650 |
_aInorganic _bChemistry |
||
| 942 | _cBK | ||
| 999 |
_c191416 _d191416 |
||